| 000 | 00667cam a2200145 4500500 | ||
|---|---|---|---|
| 005 | 20251228082901.0 | ||
| 041 | _afre | ||
| 042 | _adc | ||
| 100 | 1 | 0 |
_aDurosoir, Georgie _eauthor |
| 245 | 0 | 0 | _aLaurent Guillo, Pierre Ier Ballard et Robert III Ballard. Imprimeurs du roy pour la musique (1599-1673), Sprimont-Versailles, Pierre Mardaga et Centre de musique baroque de Versailles, 2003. Deux vol. 20 × 27 cm de 732 et 814 p. |
| 260 | _c2005. | ||
| 500 | _a16 | ||
| 786 | 0 | _nDix-septième siècle | 226 | 1 | 2005-03-01 | p. 165h-186h | 0012-4273 | |
| 856 | 4 | 1 | _uhttps://shs.cairn.info/revue-dix-septieme-siecle-2005-1-page-165h?lang=fr&redirect-ssocas=7080 |
| 999 |
_c1599977 _d1599977 |
||